| 000 | 00714nam a2200205Ia 4500 | ||
|---|---|---|---|
| 001 | 8441 | ||
| 003 | GE_BSU | ||
| 008 | 181216s||||||||xx |||||||||||||| ||und|| | ||
| 040 | _cGE_BSU | ||
| 080 | _a821.353.1-1 | ||
| 100 | _aვაჟა-ფშაველა | ||
| 245 | _aასი ლექსი. | ||
| 245 | _cშემდგ. და რედ.: ალექსანდრე გომიაშვილი; გიორგი ნატროშვილის წინასიტყვაობით. | ||
| 260 | _aთბილისი. | ||
| 260 | _bსაბჭ. მწერალი | ||
| 260 | _c1961 | ||
| 300 | _a226 გვ; 17 სმ. | ||
| 653 | _aასი ლექსი. | ||
| 942 | _cBK | ||
| 999 |
_c41760 _d41760 |
||